00815nam a2200181 a 4500008004100000020001800041050001800059100002200077245016900099260004600268300001800314500002400332650003900356650002600395995007800421999001700499952011700516210331s2021 ||||||||||||||||| || u a9781638211860 aZAM KG 59 Kam aKamanga, Patricia10aInternational commercial arbitration: the supportive and supervisory role of national courts in the arbitration processcBy Dr. Patricia Nchimunya Shansonga Kamanga aJohannesburgbFYI Africa Publishingc2021 aii, 142 pages aIncludes References aARBITRATION AGREEMENTS, COMMERCIAL aARBITRATION AND AWARD FCBU-MAIN LIBRARY (Kitwe)M1UAVAILABLEWMar 31, 2021ZZambiana Collection c47315d47315 00102lcc4070a001b001cZambiana Collectiond2022-11-30l0oZAM KG 59 KampB4379r2022-11-30w2022-11-30y002